00355cam a22000977a 4500008004000000082001500040245010600055260005000161300001000211700003600221180718b1960 xxu||||| |||| 00| 0 eng d aN4x42 Un3r aReport of the Royal commission on the police powers and procedurecby Her Majesty's Stationery Office aLondonbHer Majesty's Stationery Officec1960 a161p. aHer Majesty's Stationery Office